000 01816nam0a2200325 4500
001 RU\NLR\BIBL_A\022770059
005 20260531093329.0
010 _a978-5-907976-91-7
_9500
021 _aRU
_bКН-П-26-008687
_9КН-П-26-0826
035 _a(NLR Aleph) 022770059
090 _a13715255
_c13715255
100 _a20260330d2025 k y0rusy50 ca
101 0 _arus
102 _aRU
105 _aa z 000yy
181 0 _ai
_baxxe
182 0 _an
200 1 _aУстойчивое развитие сельских территорий Краснодарского края: социально-экономические и пространственные аспекты
_eмонография
_fМ. В. Зайцева, Е. А. Горлова
_gМинистерство сельского хозяйства Российской Федерации, ФГБОУ ВО "Кубанский государственный аграрный университет имени И. Т. Трубилина"
203 _aТекст
_bвизуальный
_cнепосредственный
210 _aКраснодар
_cКубГАУ
_d2025
215 _a95 с.
_cил., табл.
_d20
320 _aБиблиогр.: с. 88–94 (73 назв.)
606 1 _aСельское хозяйство
_xУстойчивого развития концепция
_yКраснодарский край
_92595156
_3RU\NLR\AUTH\6601742929
686 1 _aУ32(2)-96(2Р-4Кр)я431
700 1 _aЗайцева
_bМ. В.
_cпреподаватель, гос. управление
_gМария Владимировна
_9214596
_3RU\NLR\AUTH\770214652
701 1 _aГорлова
_bЕ. А.
_gЕлена Анатольевна
942 _cBOOK
980 _aNB